A Budapesti Gazdaságtudományi Egyetem kommunikációs stratégiája és hallgatói kommunikációja az egyetem közösségi média felületein
| Szerző: | |
|---|---|
| További közreműködők: | |
| Dokumentumtípus: | Projektmunka |
| Kulcsszavak: | kommunikáció kommunikációs stratégia közösségi média marketingkommunikáció online marketing |
| Online Access: | http://dolgozattar.uni-bge.hu/60065 |
MARC
| LEADER | 00000nnm a2200000 i 4500 | ||
|---|---|---|---|
| 001 | dolg60065 | ||
| 005 | 20260409145935.0 | ||
| 008 | 260409suuuu hu o 000 hun d | ||
| 040 | |a BGE Dolgozattár Repozitórium |b hun | ||
| 041 | |a hu | ||
| 100 | 1 | |a Vincze Barnabás | |
| 245 | 1 | 2 | |a A Budapesti Gazdaságtudományi Egyetem kommunikációs stratégiája és hallgatói kommunikációja az egyetem közösségi média felületein |c Vincze Barnabás |h [elektronikus dokumentum] |
| 516 | |a Project_work | ||
| 520 | 3 | |a Ezen projektmunka célja a Budapesti Gazdaságtudományi Egyetem közösségi média kommunikációjának vizsgálata volt, különös tekintettel a hallgatók elérésére és bevonására. A szakirodalmi háttér feltárta, hogy a közösségi média a digitális kommunikáció stratégiai eszközévé vált az oktatási intézmények számára. A kutatás kérdőíves módszerrel vizsgálta a hallgatók platformhasználati szokásait és észrevételeit az egyetem közösségi médiás jelenlétével kapcsolatban. Az eredmények alapján a BGE kommunikációja alapvetően megfelel a hallgatói igényeknek, ugyanakkor van lehetőség a tartalmi és formai fejlesztésre. A vizuális és interaktív tartalmak, valamint a közvetlenebb hangvétel pozitívan befolyásolják az elköteleződést. A platformok közötti tudatos megkülönböztetés és a hallgatói visszajelzések beépítése tovább növelheti a hatékonyságot. A közösségi média nem csupán információs csatorna, hanem közösségformáló erő is. A dolgozat javaslatokat fogalmaz meg a kommunikáció stratégiai fejlesztésére és további kutatási irányokra. | |
| 695 | |a kommunikáció | ||
| 695 | |a kommunikációs stratégia | ||
| 695 | |a közösségi média | ||
| 695 | |a marketingkommunikáció | ||
| 695 | |a online marketing | ||
| 700 | 1 | |a Békési Gábor György |e ths | |
| 856 | 4 | 0 | |u http://dolgozattar.uni-bge.hu/60065/1/Projektmunka_Vincze%20Barnab%C3%A1s_IE3OE8.pdf |z Dokumentum-elérés |
| 856 | 4 | 0 | |u http://dolgozattar.uni-bge.hu/60065/2/Biralat_Vincze%20Barnab%C3%A1s.pdf |z Dokumentum-elérés |